Города Архангельской Области - Statistics

General Stats
  • This quiz has been taken 17 times
  • The average score is 9 of 13
Answer Stats
Answer % Correct
Архангельск
100%
Северодвинск
94%
Котлас
94%
Онега
76%
Мирный
71%
Новодвинск
65%
Няндома
65%
Мезень
59%
Коряжма
53%
Вельск
53%
Сольвычегодск
47%
Каргополь
41%
Шенкурск
35%
No matching quizzes found
Score Distribution
Percent of People with Each Score
Percentile by Number Answered
Your Score History
You have not taken this quiz